000 00396nam a2200145Ia 4500
005 20260326100038.0
008 260326s9999||||xx |||||||||||||| ||und||
100 _aMorales Hendry, Carlos
245 0 _aFrancisco Serrano :
_b El volúmen como tema /
_cCarlos Morales Hendry
260 _bEscala
300 _a199 p.
440 _aCOLECCIÓN SOMOSUR
_nTOMO 21
650 _aARQUITECTOS
942 _cBK
999 _c6876
_d6876